[Event "SVM_Verbandsliga_Süd_2023-24"]
[Site "?"]
[Date "2024.01.14"]
[Round "5.1"]
[White "Upleger, Martin"]
[Black "König, Christian"]
[Result "1-0"]
[WhiteElo "2265"]
[BlackElo "2042"]
[PlyCount "77"]
[EventDate "2024.01.14"]
[WhiteTeam "Rheinbacher SF 1"]
[BlackTeam "SF Lohmar 1"]

1. d4 Nf6 2. Nf3 g6 3. Bg5 Bg7 4. Nbd2 h6 5. Bh4 O-O 6. c3 d6 7. e4 Nc6 8. Bb5
Bd7 9. a4 a6 10. Bc4 e5 11. dxe5 dxe5 12. a5 Qe8 13. O-O Kh8 14. Re1 Nh5 15.
Bd5 Nf4 16. Nc4 f6 17. Bg3 Nh5 18. Ne3 Nd8 19. Nd2 Rb8 20. Bc4 Be6 21. Be2 Nxg3
22. hxg3 Rf7 23. Bc4 Rd7 24. Qe2 Bxc4 25. Ndxc4 Ne6 26. Nd5 Rbd8 27. Qc2 Qf7
28. Rab1 Nc5 29. Nde3 h5 30. b3 Bh6 31. Re2 Bg7 32. Ree1 Rf8 33. Red1 Rxd1+ 34.
Rxd1 f5 35. exf5 gxf5 36. Rd5 f4 37. gxf4 exf4 38. Rxc5 fxe3 39. Nxe3 1-0

[Event "SVM_Verbandsliga_Süd_2023-24"]
[Site "?"]
[Date "2024.01.14"]
[Round "5.2"]
[White "Akstinat, Sven-Holger"]
[Black "Hemmann, Arnold"]
[Result "1/2-1/2"]
[WhiteElo "1956"]
[BlackElo "2049"]
[PlyCount "54"]
[EventDate "2024.01.14"]
[WhiteTeam "SF Lohmar 1"]
[BlackTeam "Rheinbacher SF 1"]

1. e4 c5 2. c3 g6 3. d4 cxd4 4. cxd4 d5 5. Nc3 dxe4 6. Bc4 Nf6 7. Qb3 e6 8. d5
exd5 9. Nxd5 Nxd5 10. Bxd5 Qe7 11. Qc3 Qb4 12. Bd2 Qxc3 13. Bxc3 Rg8 14. Bxe4
Nc6 15. Nf3 Bg7 16. Bxg7 Rxg7 17. Bxc6+ bxc6 18. O-O-O f5 19. Ne5 Be6 20. Kb1
Bd5 21. f3 Rb8 22. Rhe1 Kf8 23. Rd2 Re7 24. Rde2 Reb7 25. Rd2 Re7 26. Rde2 Reb7
27. Rd2 Re7 1/2-1/2

[Event "SVM_Verbandsliga_Süd_2023-24"]
[Site "?"]
[Date "2024.01.14"]
[Round "5.3"]
[White "Gähler, Cornelius"]
[Black "Fuchs, Andreas"]
[Result "0-1"]
[WhiteElo "2067"]
[BlackElo "1982"]
[PlyCount "54"]
[EventDate "2024.01.14"]
[WhiteTeam "Rheinbacher SF 1"]
[BlackTeam "SF Lohmar 1"]

1. d4 Nf6 2. c4 g6 3. Nc3 Bg7 4. e4 d6 5. h3 O-O 6. Be3 e5 7. d5 Nbd7 8. Bd3
Nc5 9. Bc2 a5 10. a3 b6 11. b4 Nb7 12. g4 Kh8 13. Nge2 Ng8 14. Ng3 Bh6 15. Bxh6
Nxh6 16. Qd2 axb4 17. Na4 b3 18. Bxb3 Qh4 19. Nc3 Na5 20. Ba2 f5 21. gxf5 gxf5
22. O-O-O f4 23. Nf1 Bg4 24. Re1 Bf3 25. Rh2 Rg8 26. Qd3 Bh5 27. f3 Qxe1+ 0-1

[Event "SVM_Verbandsliga_Süd_2023-24"]
[Site "?"]
[Date "2024.01.14"]
[Round "5.4"]
[White "Langer, Raphael"]
[Black "Simons, Peter"]
[Result "1/2-1/2"]
[WhiteElo "1951"]
[BlackElo "2042"]
[PlyCount "115"]
[EventDate "2024.01.14"]
[WhiteTeam "SF Lohmar 1"]
[BlackTeam "Rheinbacher SF 1"]

1. d4 Nf6 2. c4 c5 3. d5 b5 4. cxb5 a6 5. b6 e6 6. Nc3 exd5 7. Nxd5 Nxd5 8.
Qxd5 Nc6 9. e4 Be7 10. Nf3 Rb8 11. Bc4 O-O 12. O-O Rxb6 13. b3 d6 14. Bf4 Be6
15. Qd3 Bg4 16. h3 Bxf3 17. Qxf3 Bf6 18. Rac1 Bd4 19. Qe2 Qf6 20. Be3 Re8 21.
f3 a5 22. Rfd1 a4 23. Bd5 Qg5 24. Kf2 axb3 25. Bxc6 Bxe3+ 26. Qxe3 Qxe3+ 27.
Kxe3 Rxc6 28. axb3 Rb8 29. Rd3 Rcb6 30. Rcc3 Kf8 31. Kf4 f6 32. h4 Ke7 33. g4
Rb4 34. h5 g5+ 35. hxg6 hxg6 36. Ke3 g5 37. Kd2 Rh8 38. Rc1 Rh2+ 39. Kc3 Ke6
40. Ra1 Rh8 41. Ra6 Rd8 42. Rd5 Ke7 43. Ra7+ Rd7 44. Ra6 Rdb7 45. Ra3 Ke6 46.
Kc2 c4 47. bxc4 Rxc4+ 48. Kd3 Rcb4 49. Ke3 Rb1 50. Ra6 R1b3+ 51. Kf2 Rb2+ 52.
Kg3 R7b6 53. Rxb6 Rxb6 54. Ra5 Rb2 55. Ra8 Rd2 56. Re8+ Kf7 57. Ra8 d5 58. exd5
1/2-1/2

[Event "SVM_Verbandsliga_Süd_2023-24"]
[Site "?"]
[Date "2024.01.14"]
[Round "5.5"]
[White "Mielke, Christian"]
[Black "Weiler, Wolfgang"]
[Result "1-0"]
[WhiteElo "2083"]
[BlackElo "1899"]
[PlyCount "73"]
[EventDate "2024.01.14"]
[WhiteTeam "Rheinbacher SF 1"]
[BlackTeam "SF Lohmar 1"]

1. e4 c5 2. c3 d6 3. d4 Nf6 4. dxc5 Nc6 5. Bc4 e6 6. Bg5 dxc5 7. Qxd8+ Kxd8 8.
f3 h6 9. Be3 Bd6 10. a4 b6 11. Na3 a6 12. Nh3 Ke7 13. Nf2 e5 14. O-O-O Be6 15.
Bxe6 Kxe6 16. Nc4 Bc7 17. Nd3 Nd7 18. Bf2 Rhd8 19. Kb1 Rac8 20. Ne3 Nf6 21. Nf5
Rg8 22. Bxc5 g6 23. Nxh6 bxc5 24. Nxc5+ Ke7 25. Nxg8+ Rxg8 26. b4 Ra8 27. Rd3
Bb6 28. Nb7 Rb8 29. Nd6 Bd4 30. cxd4 Rxb4+ 31. Ka2 Kxd6 32. dxe5+ Kxe5 33. Ka3
a5 34. Rc1 Nd4 35. Rc5+ Kd6 36. Rxa5 Rc4 37. e5+ 1-0

[Event "SVM_Verbandsliga_Süd_2023-24"]
[Site "?"]
[Date "2024.01.14"]
[Round "5.6"]
[White "Dirschke, Philipp"]
[Black "Schmitz, Uwe"]
[Result "1/2-1/2"]
[WhiteElo "1867"]
[BlackElo "1918"]
[PlyCount "96"]
[EventDate "2024.01.14"]
[WhiteTeam "SF Lohmar 1"]
[BlackTeam "Rheinbacher SF 1"]

1. d4 Nf6 2. Bf4 g6 3. Nc3 Bg7 4. e4 c5 5. dxc5 Qa5 6. Qd2 Qxc5 7. Bh6 Bxh6 8.
Qxh6 Qxf2+ 9. Kxf2 Ng4+ 10. Kg3 Nxh6 11. Nd5 Kd8 12. Nf3 d6 13. Rd1 Nc6 14. c4
b6 15. a3 Ng4 16. b4 Nge5 17. c5 bxc5 18. bxc5 Rb8 19. cxd6 exd6 20. Nb4 Nxb4
21. Nxe5 Ke7 22. Nc4 Na2 23. Rxd6 Rb1 24. Rd2 Nc3 25. Kf4 Rd8 26. Rc2 Nxe4 27.
Ne5 Nd6 28. Nc6+ Kd7 29. Nxd8 Kxd8 30. Ke5 Ke7 31. Rc7+ Bd7 32. g3 Re1+ 33. Kf4
Re4+ 34. Kf3 Ra4 35. Rc3 Bg4+ 36. Kg2 Rd4 37. Rd3 Ra4 38. Kf2 Bf5 39. Re3+ Ne4+
40. Kf3 Kf6 41. Bb5 Rd4 42. Rc1 h5 43. Bc6 Bg4+ 44. Kg2 Rd2+ 45. Kg1 Ng5 46.
Rf1+ Kg7 47. Bg2 Nh3+ 48. Kh1 Nf2+ 1/2-1/2

[Event "SVM_Verbandsliga_Süd_2023-24"]
[Site "?"]
[Date "2024.01.14"]
[Round "5.7"]
[White "Schmerda, Ingo"]
[Black "Weber, Olaf"]
[Result "0-1"]
[WhiteElo "1860"]
[BlackElo "1837"]
[PlyCount "90"]
[EventDate "2024.01.14"]
[WhiteTeam "Rheinbacher SF 1"]
[BlackTeam "SF Lohmar 1"]

1. d4 f5 2. c4 Nf6 3. Nc3 g6 4. g3 Bg7 5. Bg2 O-O 6. Nh3 c6 7. O-O d6 8. Qc2
Na6 9. a3 Bd7 10. Rd1 Qe8 11. b4 Nc7 12. Bb2 Rb8 13. f3 Ne6 14. d5 Nd8 15. e4
Nf7 16. Re1 Ne5 17. Qe2 fxe4 18. Nxe4 Nxe4 19. fxe4 Bg4 20. Qc2 Bxh3 21. Bxh3
Nf3+ 22. Kh1 Nxe1 23. Be6+ Kh8 24. Bxg7+ Kxg7 25. Qc3+ Rf6 26. Rxe1 h6 27. c5
Qf8 28. Rf1 dxc5 29. bxc5 Kh7 30. Rxf6 Qxf6 31. Qxf6 exf6 32. d6 Kg7 33. Kg2
Kf8 34. h4 Re8 35. d7 Rd8 36. Kf3 Ke7 37. Bh3 b6 38. cxb6 axb6 39. Ke3 Kd6 40.
h5 g5 41. Bf5 Rxd7 42. Bxd7 Kxd7 43. Kd4 Kd6 44. a4 Ke6 45. g4 Kd6 0-1

[Event "SVM_Verbandsliga_Süd_2023-24"]
[Site "?"]
[Date "2024.01.14"]
[Round "5.8"]
[White "Rokitta, Uwe"]
[Black "Klos, Stephan"]
[Result "1-0"]
[WhiteElo "1715"]
[BlackElo "1812"]
[PlyCount "97"]
[EventDate "2024.01.14"]
[WhiteTeam "SF Lohmar 1"]
[BlackTeam "Rheinbacher SF 1"]

1. e4 e6 2. Nf3 a6 3. d4 b5 4. Bd3 Nf6 5. Qe2 Bb7 6. Bg5 Be7 7. Nbd2 d6 8. c3
Nbd7 9. h3 c5 10. Rc1 Rc8 11. O-O O-O 12. Rfe1 h6 13. Bh4 Nh5 14. Bxe7 Qxe7 15.
Qe3 e5 16. dxe5 dxe5 17. g3 Qe6 18. Kh2 Qxa2 19. b3 Qa5 20. Nh4 Kh8 21. Nf5 Rc6
22. Be2 Nhf6 23. g4 Nh7 24. h4 Qd8 25. Rh1 Rf6 26. Nf3 Qa8 27. g5 Bxe4 28. gxf6
Ndxf6 29. Nxh6 gxh6 30. Rhg1 h5 31. Nd2 Bg6 32. Qg3 Qd5 33. Rcd1 Qe6 34. c4 Rg8
35. Qh3 Qc6 36. Qc3 b4 37. Qf3 e4 38. Qf4 Re8 39. Nf1 Nf8 40. Rd6 Qc8 41. Qxf6+
Kh7 42. Bxh5 Qc7 43. Bxg6+ fxg6 44. Kh1 e3 45. Nxe3 Qb7+ 46. Nd5 Qc8 47. Qf3
Re4 48. Nf6+ Kh8 49. Nxe4 1-0

[Event "SVM_Verbandsliga_Süd_2023-24"]
[Site "?"]
[Date "2024.01.14"]
[Round "5.1"]
[White "Hank, Holger"]
[Black "Zavgorodniy, Sergiy"]
[Result "0-1"]
[WhiteElo "1919"]
[BlackElo "2403"]
[PlyCount "84"]
[EventDate "2024.01.14"]
[WhiteTeam "Brühler SK 2"]
[BlackTeam "SC Siegburg 2"]

1. Nf3 Nf6 2. c4 d6 3. d4 Nc6 4. b3 Bg4 5. Bb2 Bxf3 6. exf3 d5 7. c5 g6 8. a3
Bg7 9. b4 O-O 10. Bb5 a5 11. Qd2 axb4 12. axb4 Rxa1 13. Bxa1 Qa8 14. Bc3 b6 15.
cxb6 cxb6 16. O-O Ne8 17. Re1 Nd6 18. Bxc6 Qxc6 19. Rxe7 Rc8 20. g4 Nb5 21. Bb2
Bf8 22. Re2 Qc4 23. Na3 Nxa3 24. Bxa3 Ra8 25. Bb2 Bxb4 26. Qd1 Bf8 27. Kg2 Rc8
28. Re3 Qc2 29. Qxc2 Rxc2 30. Rb3 Bh6 31. Kg3 Bd2 32. Rxb6 g5 33. h4 Bf4+ 34.
Kg2 gxh4 35. g5 Bxg5 36. Ba3 Be3 37. Rb8+ Kg7 38. Bf8+ Kg6 39. Rb6+ f6 40. Rb5
Rxf2+ 41. Kh3 Rxf3+ 42. Kxh4 h5 0-1

[Event "SVM_Verbandsliga_Süd_2023-24"]
[Site "?"]
[Date "2024.01.14"]
[Round "5.2"]
[White "Dzierzenga, Stefan"]
[Black "Liehs, Konstantin"]
[Result "1-0"]
[WhiteElo "2075"]
[BlackElo "1814"]
[PlyCount "89"]
[EventDate "2024.01.14"]
[WhiteTeam "SC Siegburg 2"]
[BlackTeam "Brühler SK 2"]

1. e4 e6 2. Nf3 d5 3. e5 c5 4. b4 cxb4 5. d4 Nc6 6. a3 Bd7 7. axb4 Bxb4+ 8. c3
Ba5 9. Bd3 Nge7 10. O-O h6 11. Qe2 a6 12. Bd2 b5 13. Na3 Bc8 14. Rfb1 Rb8 15.
Nc2 Bb7 16. Ne3 Bb6 17. Nf1 Na5 18. Ng3 Nc4 19. Bc1 Ba5 20. Rb3 Rc8 21. Nh5 g6
22. Nf6+ Kf8 23. h3 Ng8 24. Ng4 h5 25. Bg5 Qd7 26. Nf6 Nxf6 27. Bxf6 Rh7 28.
Ng5 Rh6 29. Rxa5 Nxa5 30. Ra3 Nc4 31. Bxc4 dxc4 32. Qe3 Qd5 33. f3 Qc6 34. Nxf7
Rh7 35. Nd6 Rcc7 36. Qg5 b4 37. cxb4 c3 38. Ra1 c2 39. Rc1 Qc3 40. Qxg6 Qe3+
41. Kh2 Qf4+ 42. Qg3 Qxc1 43. Bg5 Qb1 44. Bh6+ Ke7 45. Qg8 1-0

[Event "SVM_Verbandsliga_Süd_2023-24"]
[Site "?"]
[Date "2024.01.14"]
[Round "5.3"]
[White "Schlicht, Markus"]
[Black "Albrecht, Oliver"]
[Result "1/2-1/2"]
[WhiteElo "1922"]
[BlackElo "2142"]
[PlyCount "55"]
[EventDate "2024.01.14"]
[WhiteTeam "Brühler SK 2"]
[BlackTeam "SC Siegburg 2"]

1. d4 Nf6 2. c4 g6 3. Nc3 d5 4. cxd5 Nxd5 5. e4 Nxc3 6. bxc3 Bg7 7. Nf3 c5 8.
Rb1 O-O 9. Qd2 e6 10. Be2 a6 11. O-O Qa5 12. Qc2 Nd7 13. Be3 b5 14. c4 cxd4 15.
Nxd4 bxc4 16. Nc6 Qc7 17. Qxc4 Kh8 18. Nd4 Qxc4 19. Bxc4 Nf6 20. f3 a5 21. Rfc1
Bd7 22. Nb5 Rfb8 23. Bf4 Rb7 24. Nd6 Rxb1 25. Rxb1 Kg8 26. Rb7 Be8 27. g4 Bf8
28. Nxe8 1/2-1/2

[Event "SVM_Verbandsliga_Süd_2023-24"]
[Site "?"]
[Date "2024.01.14"]
[Round "5.4"]
[White "Kolkin, Michail"]
[Black "Rieber, Ingo"]
[Result "1-0"]
[WhiteElo "2320"]
[BlackElo "1794"]
[PlyCount "103"]
[EventDate "2024.01.14"]
[WhiteTeam "SC Siegburg 2"]
[BlackTeam "Brühler SK 2"]

1. Nf3 Nf6 2. g3 g6 3. b3 Bg7 4. Bb2 O-O 5. Bg2 d6 6. d4 c5 7. O-O cxd4 8. Nxd4
Qb6 9. c4 Nc6 10. Nc2 Bf5 11. Nc3 Rac8 12. Ne3 Be6 13. Qd2 Bh6 14. Na4 Qc7 15.
f4 Qd7 16. Rad1 Rfd8 17. Nc3 Bh3 18. Ncd5 Nxd5 19. Bxh3 Qxh3 20. cxd5 Nb8 21.
Qd4 f6 22. Qxa7 Qd7 23. Qd4 Rc7 24. Rc1 Rdc8 25. Rxc7 Rxc7 26. Rc1 Rxc1+ 27.
Bxc1 Qc7 28. Bd2 Bg7 29. Bc3 Na6 30. Nc4 Nc5 31. Kg2 h5 32. h3 b6 33. Nd2 Qb7
34. Kf3 e5 35. Qf2 Qxd5+ 36. e4 Qd3+ 37. Qe3 Qxe3+ 38. Kxe3 b5 39. Bb4 Kf7 40.
Bxc5 dxc5 41. a4 bxa4 42. bxa4 Ke6 43. Nc4 Kd7 44. fxe5 fxe5 45. Kd3 Kc6 46.
Nb2 Bh6 47. Kc4 Be3 48. Nd3 Bd4 49. g4 hxg4 50. hxg4 Kb6 51. Kd5 Ka5 52. Nxc5
1-0

[Event "SVM_Verbandsliga_Süd_2023-24"]
[Site "?"]
[Date "2024.01.14"]
[Round "5.5"]
[White "Raabe, Joachim"]
[Black "Breest, Axel"]
[Result "1/2-1/2"]
[WhiteElo "1727"]
[BlackElo "1894"]
[PlyCount "120"]
[EventDate "2024.01.14"]
[WhiteTeam "Brühler SK 2"]
[BlackTeam "SC Siegburg 2"]

1. e4 d6 2. Nc3 Nf6 3. Nf3 g6 4. Bb5+ c6 5. Be2 Bg7 6. O-O O-O 7. d4 Qc7 8. Bg5
h6 9. Bf4 Nh5 10. Be3 e5 11. Qd2 Kh7 12. dxe5 dxe5 13. Rad1 Be6 14. Bc5 Nd7 15.
Bxf8 Bxf8 16. Rfe1 Nf4 17. Bf1 Bc5 18. Ne2 Nf6 19. Nxf4 exf4 20. b4 Be7 21. c3
a5 22. Nd4 Qe5 23. Nxe6 Qxe6 24. Qxf4 axb4 25. cxb4 Rxa2 26. e5 Nd5 27. Qc4 Rb2
28. Rb1 Rxb4 29. Rxb4 Bxb4 30. Rb1 b5 31. Qb3 Qxe5 32. Bxb5 Bd6 33. g3 Nc3 34.
Bd3 Nxb1 35. Qxf7+ Qg7 36. Bxg6+ Kh8 37. Qxg7+ Kxg7 38. Bxb1 Kf6 39. Kf1 Ke5
40. Ke2 Kd4 41. f4 Bf8 42. h4 c5 43. h5 Be7 44. Kf3 Kd5 45. Bh7 Ke6 46. Ke4 Kf6
47. Kd5 Bf8 48. g4 Be7 49. Kc6 Bf8 50. Kd7 c4 51. Kc6 c3 52. Bc2 Ba3 53. Kd5
Bc1 54. Ke4 Bd2 55. Bb3 Bc1 56. Ba4 Bd2 57. Kf3 Be1 58. Bc2 Bd2 59. Kg3 Be1+
60. Kh2 Bd2 1/2-1/2

[Event "SVM_Verbandsliga_Süd_2023-24"]
[Site "?"]
[Date "2024.01.14"]
[Round "5.6"]
[White "Steffens, Klaus"]
[Black "Kart, Boris"]
[Result "1/2-1/2"]
[WhiteElo "1862"]
[BlackElo "1772"]
[PlyCount "91"]
[EventDate "2024.01.14"]
[WhiteTeam "SC Siegburg 2"]
[BlackTeam "Brühler SK 2"]

1. Nf3 Nf6 2. d4 d5 3. g3 Bf5 4. Bg2 e6 5. O-O Bd6 6. Nbd2 Nbd7 7. c4 c6 8. b3
O-O 9. Bb2 Ne4 10. Nh4 Bb4 11. Nxe4 Bxe4 12. f3 Bg6 13. Nxg6 hxg6 14. e4 Nf6
15. a3 Be7 16. Rc1 Qb6 17. Kh1 Rad8 18. Qc2 Rd7 19. Rfd1 Qd8 20. Qe2 Ne8 21.
Re1 Nc7 22. Rc2 Bf6 23. e5 Be7 24. f4 f5 25. h4 a6 26. a4 Kf7 27. c5 Rh8 28.
Kg1 Qc8 29. Bc3 Bd8 30. b4 Re7 31. Rb1 Qd7 32. Be1 Ree8 33. Rcb2 Be7 34. Qc2
Ra8 35. Bf1 Rhb8 36. b5 axb5 37. axb5 Qc8 38. Bd3 cxb5 39. Bxb5 Nxb5 40. Rxb5
Bd8 41. R1b2 Qc6 42. Qb1 Ra7 43. R2b3 Ke7 44. Qd1 Qe8 45. Qb1 Qc6 46. Qd1
1/2-1/2

[Event "SVM_Verbandsliga_Süd_2023-24"]
[Site "?"]
[Date "2024.01.14"]
[Round "5.7"]
[White "Löffler, Friedrich"]
[Black "Gaßmann, Peter"]
[Result "1/2-1/2"]
[WhiteElo "1848"]
[BlackElo "1747"]
[PlyCount "81"]
[EventDate "2024.01.14"]
[WhiteTeam "Brühler SK 2"]
[BlackTeam "SC Siegburg 2"]

1. d4 g6 2. c4 Bg7 3. Nc3 Nf6 4. e4 d6 5. Nf3 O-O 6. Bd3 c5 7. d5 Bg4 8. O-O
Nbd7 9. h3 Bxf3 10. Qxf3 Ne5 11. Qe2 a6 12. f4 Nxd3 13. Qxd3 Nd7 14. a4 Rc8 15.
Be3 Qa5 16. Bd2 Qc7 17. g3 Rfe8 18. Kg2 Rcd8 19. Rf3 Qb6 20. Qc2 Qc7 21. Nd1 e6
22. Ne3 e5 23. f5 Nf6 24. fxg6 fxg6 25. Raf1 Rf8 26. Nd1 Rf7 27. Bg5 Rdf8 28.
Nc3 Nh5 29. Qe2 Rxf3 30. Rxf3 Rxf3 31. Qxf3 Qf7 32. b3 Qxf3+ 33. Kxf3 Kf7 34.
g4 Nf6 35. h4 Nd7 36. Nd1 Bf6 37. Bxf6 Nxf6 38. Ne3 b6 39. Nf1 Kg7 40. Ng3 Kf7
41. Ne2 1/2-1/2

[Event "SVM_Verbandsliga_Süd_2023-24"]
[Site "?"]
[Date "2024.01.14"]
[Round "5.8"]
[White "Höck, Sebastian"]
[Black "Olbrich, Tobias"]
[Result "1-0"]
[WhiteElo "1701"]
[BlackElo "1593"]
[PlyCount "77"]
[EventDate "2024.01.14"]
[WhiteTeam "SC Siegburg 2"]
[BlackTeam "Brühler SK 2"]

1. c4 Nf6 2. g3 g6 3. Bg2 Bg7 4. Nc3 O-O 5. e3 c5 6. Nge2 Nc6 7. O-O d6 8. d3
Bf5 9. h3 Qd7 10. Kh2 Nb4 11. e4 Be6 12. Be3 Qc7 13. Rb1 a6 14. a3 Nc6 15. b4
b6 16. b5 axb5 17. cxb5 Ne5 18. a4 Ra7 19. Kh1 Rd8 20. f4 Ned7 21. f5 Ne5 22.
fxe6 fxe6 23. Qd2 d5 24. exd5 exd5 25. Bf4 Nh5 26. Nxd5 Qd6 27. Qa2 e6 28. Bg5
exd5 29. Bxd8 Qxd8 30. Qxd5+ Qxd5 31. Bxd5+ Kh8 32. Bb3 Nxd3 33. Rbd1 Rd7 34.
Kg2 Re7 35. Rxd3 Rxe2+ 36. Rf2 Re8 37. Rfd2 Bd4 38. Rf3 Re1 39. g4 1-0

[Event "SVM_Verbandsliga_Süd_2023-24"]
[Site "?"]
[Date "2024.01.14"]
[Round "5.1"]
[White "Kögler, Christof"]
[Black "Bachem, Oliver"]
[Result "1/2-1/2"]
[WhiteElo "2070"]
[BlackElo "2101"]
[PlyCount "96"]
[EventDate "2024.01.14"]
[WhiteTeam "Godesberger SK 3"]
[BlackTeam "TTC GW Fritzdorf 1"]

1. d4 Nf6 2. Nf3 e6 3. e3 b6 4. Bd3 Bb7 5. Nbd2 c5 6. b3 cxd4 7. exd4 Nc6 8. a3
Ne7 9. O-O Ng6 10. Re1 Be7 11. Bb2 Qc7 12. c4 O-O 13. d5 Bd6 14. Ne4 Nxe4 15.
Bxe4 f5 16. Bc2 e5 17. g3 Rae8 18. Rc1 Qd8 19. b4 e4 20. Nd4 Qg5 21. Kh1 Qh6
22. Kg1 Ne5 23. Qe2 Qh3 24. f4 Ng4 25. Qg2 Qh6 26. Bb3 Rc8 27. h3 Ne5 28. fxe5
Bxe5 29. Rc2 Rf6 30. Ne2 Qe3+ 31. Qf2 Qxb3 32. Bxe5 Qxc2 33. Bxf6 gxf6 34. Qxf5
Qxc4 35. Qxf6 Qxd5 36. Nf4 Qf7 37. Qh4 Qg7 38. Rf1 Qd4+ 39. Kh2 Qb2+ 40. Kg1
Qd4+ 41. Kh2 Qg7 42. Ng2 Re8 43. Ne3 d5 44. Ng4 Kh8 45. Nh6 Rf8 46. Rxf8+ Qxf8
47. Kg1 Ba6 48. Qg5 Qf1+ 1/2-1/2

[Event "SVM_Verbandsliga_Süd_2023-24"]
[Site "?"]
[Date "2024.01.14"]
[Round "5.2"]
[White "Kühlwetter, Gerd"]
[Black "Lotzien, Hans"]
[Result "1/2-1/2"]
[WhiteElo "1900"]
[BlackElo "2062"]
[PlyCount "137"]
[EventDate "2024.01.14"]
[WhiteTeam "TTC GW Fritzdorf 1"]
[BlackTeam "Godesberger SK 3"]

1. d4 d5 2. Nf3 c6 3. c3 Bf5 4. Bf4 Nf6 5. e3 Nbd7 6. Nbd2 e6 7. h3 Be7 8. Ne5
Nxe5 9. dxe5 Nd7 10. Nf3 Qb6 11. Qb3 Nc5 12. Qxb6 axb6 13. Nd4 Nd3+ 14. Bxd3
Bxd3 15. Kd2 Bg6 16. g4 Ra5 17. f3 Kd7 18. h4 h5 19. g5 Rha8 20. a3 c5 21. Nc2
Ra4 22. Rhd1 b5 23. e4 dxe4 24. b3 R4a6 25. fxe4 Ke8 26. Ke3 b4 27. axb4 cxb4
28. c4 Bc5+ 29. Kf3 Rxa1 30. Nxa1 Ra2 31. Bg3 b6 32. Be1 Rh2 33. Bg3 Rb2 34.
Be1 Ke7 35. Bg3 f5 36. exf6+ gxf6 37. gxf6+ Kxf6 38. Rd7 e5 39. Rd5 Bd4 40.
Rd6+ Kf7 41. Rd7+ Ke6 42. Ra7 Rd2 43. Be1 Rd3+ 44. Ke2 Re3+ 45. Kd1 Bxe4 46.
Bxb4 Bxa1 47. Rxa1 Rxb3 48. Be1 Bd3 49. Rc1 Kd6 50. Bf2 Kc6 51. Be3 Bxc4 52.
Bxb6 Rxb6 53. Rxc4+ Kd5 54. Ra4 Rb2 55. Ke1 Rh2 56. Kf1 Ke6 57. Kg1 Rd2 58. Ra3
Kf5 59. Rg3 e4 60. Rg5+ Kf4 61. Rxh5 e3 62. Kf1 Rh2 63. Rh8 Kf3 64. Rf8+ Ke4
65. Re8+ Kd3 66. Rd8+ Kc2 67. Re8 Kd2 68. Rd8+ Kc1 69. Re8 1/2-1/2

[Event "SVM_Verbandsliga_Süd_2023-24"]
[Site "?"]
[Date "2024.01.14"]
[Round "5.3"]
[White "Wulfken, Christof"]
[Black "Schade, Frederik"]
[Result "1-0"]
[WhiteElo "1905"]
[BlackElo "1767"]
[PlyCount "85"]
[EventDate "2024.01.14"]
[WhiteTeam "Godesberger SK 3"]
[BlackTeam "TTC GW Fritzdorf 1"]

1. d4 d5 2. Nf3 Nf6 3. Bf4 e6 4. e3 Bd6 5. Bg3 O-O 6. Nbd2 c6 7. Ne5 Qc7 8. Bd3
Nbd7 9. Nxd7 Bxd7 10. Nf3 c5 11. c3 cxd4 12. exd4 Bxg3 13. hxg3 Qb6 14. Rb1 Bb5
15. Ne5 g6 16. g4 Nd7 17. Qd2 Nxe5 18. dxe5 Bxd3 19. Qxd3 f6 20. Qh3 Qc7 21.
exf6 Rxf6 22. Qe3 Qf4 23. Qxf4 Rxf4 24. f3 e5 25. Rd1 Rd8 26. Kf2 Rf7 27. Rhe1
Re7 28. f4 e4 29. Rd4 Kf7 30. c4 Red7 31. cxd5 Rxd5 32. Rxd5 Rxd5 33. Rxe4 Rd3
34. g5 b6 35. Re2 Rd7 36. Kf3 Rd6 37. g4 Rd3+ 38. Ke4 Rd7 39. Rc2 Ke6 40. Rc6+
Ke7 41. b3 Kd8 42. Ke5 Rd2 43. Rd6+ 1-0

[Event "SVM_Verbandsliga_Süd_2023-24"]
[Site "?"]
[Date "2024.01.14"]
[Round "5.4"]
[White "Pritzkau, Christian"]
[Black "Müller, Dominik"]
[Result "0-1"]
[WhiteElo "1639"]
[BlackElo "1899"]
[PlyCount "40"]
[EventDate "2024.01.14"]
[WhiteTeam "TTC GW Fritzdorf 1"]
[BlackTeam "Godesberger SK 3"]

1. e4 e5 2. Nf3 Nf6 3. Nxe5 d6 4. Nf3 Nxe4 5. d4 d5 6. Bd3 Bd6 7. O-O O-O 8.
Nbd2 Bf5 9. Ne1 Bxh2+ 10. Kxh2 Qh4+ 11. Kg1 Nc6 12. Ndf3 Qh5 13. Bf4 Bg4 14.
Be2 Rae8 15. Nd3 Re6 16. Re1 g5 17. Bxc7 Nxd4 18. Nf4 gxf4 19. Bxf4 Nxe2+ 20.
Qxe2 Ng5 0-1

[Event "SVM_Verbandsliga_Süd_2023-24"]
[Site "?"]
[Date "2024.01.14"]
[Round "5.5"]
[White "Otto, Wolfgang"]
[Black "Roos Nazario, Valentin"]
[Result "1-0"]
[WhiteElo "1868"]
[BlackElo "1622"]
[PlyCount "99"]
[EventDate "2024.01.14"]
[WhiteTeam "Godesberger SK 3"]
[BlackTeam "TTC GW Fritzdorf 1"]

1. d4 Nf6 2. Nf3 g6 3. c4 Bg7 4. Nc3 d6 5. e4 O-O 6. h3 e5 7. d5 a5 8. Be3 Na6
9. Nd2 Nd7 10. g4 Ndc5 11. Rg1 f5 12. gxf5 gxf5 13. Bg5 Qe8 14. Bh6 Rf7 15. Qh5
Qf8 16. O-O-O Kh8 17. Bxg7+ Rxg7 18. Be2 f4 19. Nf3 Qf7 20. Qh4 Bd7 21. Rxg7
Qxg7 22. Rg1 Qf7 23. Ng5 Qg7 24. Bh5 Be8 25. Nf7+ Bxf7 26. Rxg7 Kxg7 27. Bxf7
Kxf7 28. Qxh7+ Kf6 29. f3 Rf8 30. h4 Nd3+ 31. Kb1 Rf7 32. Qh6+ Ke7 33. a3 Ne1
34. Qg5+ Kf8 35. Qd8+ Kg7 36. Qc8 Kh7 37. Qh3 Rg7 38. Qf1 Ng2 39. Nd1 Kh6 40.
Ka2 Nxh4 41. Qh3 Kh5 42. Qc8 Nxf3 43. Nf2 a4 44. Qh8+ Kg6 45. Qe8+ Kg5 46. Qxa4
Nd4 47. Qe8 f3 48. Qf8 Kg6 49. Ng4 Rf7 50. Qh6# 1-0

[Event "SVM_Verbandsliga_Süd_2023-24"]
[Site "?"]
[Date "2024.01.14"]
[Round "5.6"]
[White "Schindler, Kosta"]
[Black "Schniggenberg, Gerd"]
[Result "0-1"]
[WhiteElo "1721"]
[BlackElo "1848"]
[PlyCount "114"]
[EventDate "2024.01.14"]
[WhiteTeam "TTC GW Fritzdorf 1"]
[BlackTeam "Godesberger SK 3"]

1. d4 Nf6 2. c4 e6 3. g3 d5 4. Bg2 c6 5. Nf3 Nbd7 6. O-O Bd6 7. b3 O-O 8. Bb2
Re8 9. Nc3 dxc4 10. bxc4 e5 11. d5 cxd5 12. Nxd5 Nxd5 13. cxd5 Nf6 14. Nd2 Bc5
15. e4 Bd7 16. Nc4 Bb5 17. Qb3 Ba6 18. Bxe5 Bxc4 19. Qxc4 Bxf2+ 20. Rxf2 Rxe5
21. Rc1 Qe7 22. Re2 Nxd5 23. Rb2 Nf6 24. Qc7 Qxc7 25. Rxc7 b6 26. Rb4 g6 27. h3
h5 28. Ra4 Kf8 29. Raxa7 Rxa7 30. Rxa7 Ra5 31. Rxa5 bxa5 32. a4 Ke7 33. Kf2 Kd6
34. Ke3 Kc5 35. Bf1 Nd7 36. Bb5 Ne5 37. Kf4 f6 38. g4 hxg4 39. hxg4 Kd4 40. g5
fxg5+ 41. Kxg5 Kxe4 42. Kf6 Kf4 43. Bf1 g5 44. Ke6 g4 45. Kd5 Nf3 46. Kc5 Kg3
47. Kb5 Kf2 48. Kxa5 Kxf1 49. Kb6 g3 50. a5 g2 51. a6 g1=Q+ 52. Kb7 Qg7+ 53.
Kb8 Qf8+ 54. Kb7 Qe7+ 55. Kb8 Qd8+ 56. Kb7 Qd7+ 57. Kb8 Qb5+ 0-1

[Event "SVM_Verbandsliga_Süd_2023-24"]
[Site "?"]
[Date "2024.01.14"]
[Round "5.7"]
[White "Schreck, Alexander"]
[Black "Mende, Lukas"]
[Result "1/2-1/2"]
[WhiteElo "1804"]
[BlackElo "1565"]
[PlyCount "77"]
[EventDate "2024.01.14"]
[WhiteTeam "Godesberger SK 3"]
[BlackTeam "TTC GW Fritzdorf 1"]

1. e4 c5 2. c3 d6 3. d4 cxd4 4. cxd4 Nf6 5. Nc3 g6 6. f4 Bg7 7. Nf3 e6 8. Bd3
Nc6 9. O-O O-O 10. Kh1 Bd7 11. e5 dxe5 12. fxe5 Ne8 13. Ne4 Nb4 14. Bg5 Qb6 15.
Be7 Nxd3 16. Qxd3 Bb5 17. Qd2 Bxf1 18. Rxf1 Qc6 19. Bxf8 Qxe4 20. Bxg7 Nxg7 21.
Ng5 Qd5 22. Nxf7 Nf5 23. Ng5 Rf8 24. Kg1 Nxd4 25. Rxf8+ Kxf8 26. Nxe6+ Qxe6 27.
Qxd4 Qxa2 28. Qd8+ Kg7 29. Qf6+ Kg8 30. e6 Qb1+ 31. Kf2 Qc2+ 32. Kg3 Qd3+ 33.
Kh4 Qe4+ 34. g4 Qe1+ 35. Kh3 Qe3+ 36. Kg2 Qe2+ 37. Kg3 Qe3+ 38. Kh4 Qe1+ 39.
Kh3 1/2-1/2

[Event "SVM_Verbandsliga_Süd_2023-24"]
[Site "?"]
[Date "2024.01.14"]
[Round "5.8"]
[White "Poensgen, Joachim"]
[Black "Eisentraut, Dieter"]
[Result "1/2-1/2"]
[WhiteElo "1835"]
[BlackElo "1699"]
[PlyCount "48"]
[EventDate "2024.01.14"]
[WhiteTeam "TTC GW Fritzdorf 1"]
[BlackTeam "Godesberger SK 3"]

1. Nf3 e6 2. g3 b5 3. Bg2 Bb7 4. d4 Nf6 5. O-O c5 6. c3 Qb6 7. Nbd2 Nc6 8. dxc5
Bxc5 9. Nb3 Be7 10. Be3 Qc7 11. Nc5 Nd5 12. Qd2 Nxe3 13. Qxe3 Bc8 14. Nb3 a6
15. Rfd1 Qa7 16. Nfd4 Bb7 17. Qe4 Qb8 18. Qg4 O-O 19. Nxc6 Bxc6 20. Bxc6 dxc6
21. Rd7 Ra7 22. Rad1 Rxd7 23. Rxd7 Re8 24. Qe4 Qc8 1/2-1/2